| 000 | 00507nam a2200205Ia 4500 | ||
|---|---|---|---|
| 003 | OSt | ||
| 005 | 20140312140139.0 | ||
| 008 | 140130s9999 xx 000 0 und d | ||
| 020 | _a043946806X | ||
| 050 |
_aPZ 8 _b.Au9234Pr 2002 |
||
| 100 | _aAuch, Mary Jane | ||
| 245 |
_aThe princess and the pizza / _cMary Jane Auch. |
||
| 260 |
_bScholastic, _c2002. _aNew York : |
||
| 300 |
_a30 p. : _bcol. ill. ; _c28 cm. |
||
| 440 | _v1 | ||
| 521 | _aG3 | ||
| 526 | _c540 | ||
| 942 |
_cBK _2lcc |
||
| 999 |
_c40619 _d40619 |
||